00623nam a2200193 a 450000100060000000300080000600500170001400800410003103500190007204000310009104100080012208200250013010000190015524501400017426000390031430000290035350400270038265000200040971685BD-RjUL20211209082140.0170507s1962 enka b 000 0 eng  a(BD-RjUL)71901 aDLC/ICUcICUdBD-RjULbeng aeng00a532.05223bCOF 19621 aCole, G. H. A.00aFluid dynamics :ban introductory account of certain theoretical aspects involving low velocities and small amplitudes /cG. H. A. Cole aLondon,aNew York :bWiley,cc1962 a238 p. :bill. ;c20 cm. aIncludes bibliography. 0aFluid dynamics.